000 00256nam a22001217a 4500
008 181224b xxu||||| |||| 00| 0 eng d
041 _aeng
080 _a531
100 _a45
101 _aFIZ
245 _aElemnets Of Radio
_cMarcus.M
942 _2udc
_cBK
999 _c53732
_d53732